Introduction to industrial/organizational psychology / (Record no. 49959)

MARC details
000 -LEADER
fixed length control field 00895cam a22002894a 4500
001 - CONTROL NUMBER
control field 1212297
003 - CONTROL NUMBER IDENTIFIER
control field 0
005 - DATE AND TIME OF LATEST TRANSACTION
control field 20170412125411.0
008 - FIXED-LENGTH DATA ELEMENTS--GENERAL INFORMATION
fixed length control field 990114s2000 nyua b 001 0 eng
010 ## - LIBRARY OF CONGRESS CONTROL NUMBER
LC control number 99013595
020 ## - INTERNATIONAL STANDARD BOOK NUMBER
International Standard Book Number 0321056876
020 ## - INTERNATIONAL STANDARD BOOK NUMBER
International Standard Book Number 9780321056870
040 ## - CATALOGING SOURCE
Transcribing agency SPU
042 ## - AUTHENTICATION CODE
Authentication code pcc
050 00 - LIBRARY OF CONGRESS CALL NUMBER
Classification number HF5548.8
Item number .R47 2000
100 1# - MAIN ENTRY--PERSONAL NAME
Personal name Riggio, Ronald E.
245 10 - TITLE STATEMENT
Title Introduction to industrial/organizational psychology /
Statement of responsibility, etc Ronald E. Riggio ; consulting editor, Lyman W. Porter.
246 30 - VARYING FORM OF TITLE
Title proper/short title Industrial/organizational psychology
250 ## - EDITION STATEMENT
Edition statement 3rd ed.
260 ## - PUBLICATION, DISTRIBUTION, ETC. (IMPRINT)
Place of publication, distribution, etc Upper Saddle River, N.J. :
Name of publisher, distributor, etc Prentice Hall,
Date of publication, distribution, etc c2000.
300 ## - PHYSICAL DESCRIPTION
Extent xx, 586 p. :
Other physical details ill. ;
Dimensions 25 cm.
504 ## - BIBLIOGRAPHY, ETC. NOTE
Bibliography, etc Includes bibliographical references (p. 513-560) and index.
650 #0 - SUBJECT ADDED ENTRY--TOPICAL TERM
Topical term or geographic name as entry element Psychology, Industrial.
650 #0 - SUBJECT ADDED ENTRY--TOPICAL TERM
Topical term or geographic name as entry element Organizational change.
700 1# - ADDED ENTRY--PERSONAL NAME
Personal name Porter, Lyman W.
942 ## - ADDED ENTRY ELEMENTS (KOHA)
Source of classification or shelving scheme Library of Congress Classification
Koha item type Book
Holdings
Withdrawn status Lost status Source of classification or shelving scheme Damaged status Not for loan Collection code Home library Current library Shelving location Date acquired Source of acquisition Cost, normal purchase price Total Checkouts Total Renewals Full call number Barcode Date checked out Copy number Price effective from Koha item type
    Library of Congress Classification     Non-fiction Nakuru Campus Nakuru Campus General Circulation 12/04/2017 Donation-BFA 2000.00 5 2 HF5548.8 .R47 2000 052564 30/05/2022 1 12/04/2017 Book